000 00444nam a2200133Ia 4500
001 4316
008 241024s9999 xx 000 0 und d
082 _aRD/351.97293/R426/2012
100 _aRepública Dominicana. Ministerio de Administración Pública MAP
245 0 _aPNC - 04. Guia CAF 2006 para la realización del autodiagnóstico/MAP
260 _bDirección de Tecnología de Información y Comunicación
590 _asi
999 _c9487
_d9487